000 00646nam a2200205Ia 4500
003 IN-BaIIA
008 211028s9999 xx 000 0 eng d
040 _cIIA Library
080 _a51-74
_bWES
100 _aWestlake, John H.
_96193
245 0 _aApplied mathematics for electronics
_cJohn H. Westlake and Gordon E. Noden
260 _aNew Jersey
_bPrentice-Hall
_c1968
300 _axv, 608p.
490 _aPrentice-Hall Series in Technical Mathematics
650 _aElectronics
_91576
650 _aMathematics
_982
650 _aNASA Thesaurus
700 _aNoden, Gordon E.
_96194
942 _cBK
999 _c3497
_d3497